000
00301nam a22001337a 4500
008
171207b xxu||||| |||| 00| 0 eng d
020
_a
9781559349444
041
_a
eng
080
_2
3 ED
_a
32
100
_a
20
101
_a
POL
245
_a
THE WESTERN HUMANITIES
_c
MATTHEWS.R.T
942
_2
udc
_c
BK
999
_c
38803
_d
38803